[Event "NOR-chT Elite 1920"]
[Site "Norway"]
[Date "2020.03.07"]
[Round "8.1"]
[White "Storme, Isak"]
[Black "Machlik, Endre"]
[Result "1-0"]
[WhiteElo "2335"]
[BlackElo "2105"]
[PlyCount "79"]
[EventDate "2019.11.01"]
[EventType "team-tourn"]
[EventRounds "9"]
[EventCountry "NOR"]
[SourceTitle "CBM 195 Extra"]
[Source "ChessBase"]
[SourceDate "2020.05.31"]
[SourceVersion "1"]
[SourceVersionDate "2020.05.31"]
[SourceQuality "1"]
[WhiteTeam "Oslo SK 1911"]
[BlackTeam "Tromsoe"]
[WhiteTeamCountry "NOR"]
[BlackTeamCountry "NOR"]

1. e4 c6 2. d4 d5 3. e5 Bf5 4. Nd2 e6 5. Nb3 c5 6. dxc5 Bxc5 7. Bb5+ Nc6 8. Bxc6+ bxc6 9. Nxc5 Qa5+ 10. c3 Qxc5 11. Be3 Qb5 12. Qb3 Ne7 13. Ne2 0-0 14. Qxb5 cxb5 15. Bc5 Rfe8 16. Nd4 a6 17. 0-0-0 Bg6 18. h4 h5 19. Rdg1 Rac8 20. Bxe7 Rxe7 21. g4 b4 22. gxh5 Bxh5 23. Rg5 g6 24. Rhg1 Kf8 25. R5g3 bxc3 26. Rxc3 Rxc3+ 27. bxc3 Rb7 28. f4 Ke8 29. Rg2 Kd7 30. a4 Rc7 31. Kc2 Rc4 32. Rg1 Rxa4 33. Kb3 Ra5 34. Kb4 Ra2 35. Rb1 Rh2 36. Kc5 Rxh4 37. Rb7+ Ke8 38. Rb8+ Kd7 39. Nc6 Rxf4 40. Kb6 1-0

[Event "NOR-ch"]
[Site "Stavanger"]
[Date "2017.07.06"]
[Round "7"]
[White "Machlik, Endre"]
[Black "Moen, Andreas"]
[Result "1/2-1/2"]
[WhiteElo "2194"]
[BlackElo "2330"]
[PlyCount "122"]
[EventDate "2017.06.30"]
[EventType "swiss"]
[EventRounds "9"]
[EventCountry "NOR"]
[SourceTitle "CBM 179 Extra"]
[Source "ChessBase"]
[SourceDate "2017.08.23"]
[SourceVersion "1"]
[SourceVersionDate "2017.08.23"]
[SourceQuality "1"]

1. d4 d5 2. c4 dxc4 3. e4 Nc6 4. d5 Ne5 5. Bf4 Ng6 6. Bg3 e5 7. Nc3 a6 8. Bxc4 Bd6 9. Nf3 h5 10. h3 h4 11. Bh2 Nf6 12. 0-0 Nh5 13. Ne2 Qf6 14. Qd3 Nhf4 15. Bxf4 Nxf4 16. Nxf4 Qxf4 17. Qd2 Qxd2 18. Nxd2 Bd7 19. Be2 g6 20. Nc4 Ke7 21. Nxd6 cxd6 22. Rac1 Rac8 23. f3 f5 24. Bd3 fxe4 25. Bxe4 g5 26. Kf2 a5 27. b3 b5 28. a3 Rc5 29. b4 axb4 30. axb4 Rxc1 31. Rxc1 Ra8 32. Rc2 Ra3 33. Rb2 Kd8 34. Ke2 Rc3 35. Bd3 Ra3 36. Kd2 Kc7 37. Kc2 Kb6 38. Rb3 Ra2+ 39. Rb2 Ra8 40. Kb3 Bc8 41. Be4 Bb7 42. Ra2 Rc8 43. Rc2 Rc4 44. Rxc4 bxc4+ 45. Kxc4 Ba6+ 46. Kc3 Bf1 47. f4 gxf4 48. Bf3 Kb5 49. Be4 Be2 50. Kb3 Bf1 51. Kc3 Ka4 52. Bc2+ Ka3 53. Be4 Be2 54. Bf3 Bf1 55. Be4 Ka4 56. Bf3 Kb5 57. Be4 Be2 58. Kb3 Bd1+ 59. Kc3 Ka4 60. Kc4 Be2+ 61. Kc3 Kb5 1/2-1/2

[Event "NOR-ch"]
[Site "Stavanger"]
[Date "2017.07.03"]
[Round "4"]
[White "Aulin Jansson, Joran"]
[Black "Machlik, Endre"]
[Result "1-0"]
[WhiteElo "2267"]
[BlackElo "2194"]
[PlyCount "59"]
[EventDate "2017.06.30"]
[EventType "swiss"]
[EventRounds "9"]
[EventCountry "NOR"]
[SourceTitle "CBM 179 Extra"]
[Source "ChessBase"]
[SourceDate "2017.08.23"]
[SourceVersion "1"]
[SourceVersionDate "2017.08.23"]
[SourceQuality "1"]

1. e4 c6 2. Nc3 d5 3. d3 e5 4. g3 Nf6 5. Bg2 Be6 6. Nf3 Bd6 7. 0-0 0-0 8. Ng5 Bg4 9. f3 Bc8 10. f4 h6 11. Nh3 Qb6+ 12. Kh1 Rd8 13. f5 Bb4 14. Nf2 Na6 15. Ng4 Nxg4 16. Qxg4 Kf8 17. Qh4 Be7 18. f6 Bxf6 19. Rxf6 gxf6 20. Qxf6 Be6 21. Bxh6+ Ke8 22. Bg5 Qc7 23. exd5 cxd5 24. Nb5 Qc5 25. d4 exd4 26. Nxd4 Nc7 27. Re1 Kd7 28. c4 Rf8 29. cxd5 Nxd5 30. Nxe6 1-0

[Event "NOR-ch"]
[Site "Stavanger"]
[Date "2017.07.01"]
[Round "2"]
[White "Machlik, Endre"]
[Black "Haldorsen, Benjamin"]
[Result "0-1"]
[WhiteElo "2194"]
[BlackElo "2356"]
[PlyCount "58"]
[EventDate "2017.06.30"]
[EventType "swiss"]
[EventRounds "9"]
[EventCountry "NOR"]
[SourceTitle "CBM 179 Extra"]
[Source "ChessBase"]
[SourceDate "2017.08.23"]
[SourceVersion "1"]
[SourceVersionDate "2017.08.23"]
[SourceQuality "1"]

1. d4 d5 2. c4 dxc4 3. e4 b5 4. a4 c6 5. Nc3 a6 6. axb5 cxb5 7. Nxb5 axb5 8. Rxa8 Bb7 9. Ra1 e6 10. Nf3 Nf6 11. Be2 Nxe4 12. 0-0 Nc6 13. Be3 Bb4 14. Ne5 0-0 15. Bf3 Na5 16. Qc2 f5 17. Rad1 Qe7 18. g3 Bd5 19. Rb1 Qb7 20. Bg2 Nb3 21. Rbd1 Rd8 22. g4 Ned2 23. Bxd5 Rxd5 24. Rfe1 Rxe5 25. Bxd2 Rxe1+ 26. Bxe1 Bxe1 27. Rxe1 Nxd4 28. Qd1 Nf3+ 29. Kf1 Nxh2+ 0-1

[Event "NOR-ch"]
[Site "Stavanger"]
[Date "2017.06.30"]
[Round "1"]
[White "Holm, Kristian Stuvik"]
[Black "Machlik, Endre"]
[Result "1-0"]
[WhiteElo "2403"]
[BlackElo "2194"]
[PlyCount "55"]
[EventDate "2017.06.30"]
[EventType "swiss"]
[EventRounds "9"]
[EventCountry "NOR"]
[SourceTitle "CBM 179 Extra"]
[Source "ChessBase"]
[SourceDate "2017.08.23"]
[SourceVersion "1"]
[SourceVersionDate "2017.08.23"]
[SourceQuality "1"]

1. d4 d5 2. Nf3 Nf6 3. Bf4 Bf5 4. c4 e6 5. Nc3 Be7 6. e3 0-0 7. Be2 dxc4 8. Bxc4 c5 9. dxc5 Bxc5 10. Qe2 Ne4 11. Nxe4 Bxe4 12. 0-0 Nc6 13. Nd2 Bg6 14. Nb3 Bb6 15. Rad1 Qf6 16. Rd7 Rfd8 17. Rfd1 Rxd7 18. Rxd7 Rd8 19. Rxd8+ Qxd8 20. a3 Kf8 21. h3 a6 22. Qf3 Qd7 23. Bg3 Bc2 24. Kh2 Na5 25. Nxa5 Bxa5 26. Qf4 b5 27. Be2 Bd1 28. Qd6+ 1-0

[Event "Tromsoe NNM Master"]
[Site "Tromsoe"]
[Date "2017.06.04"]
[Round "4"]
[White "Romsdal, Trond"]
[Black "Machlik, Endre"]
[Result "1/2-1/2"]
[WhiteElo "2186"]
[BlackElo "2194"]
[PlyCount "151"]
[EventDate "2017.06.02"]
[EventType "swiss"]
[EventRounds "6"]
[EventCountry "NOR"]
[SourceTitle "EXT 2024"]
[Source "ChessBase"]
[SourceDate "2023.10.10"]
[SourceVersion "1"]
[SourceVersionDate "2023.10.10"]
[SourceQuality "1"]

1. Nf3 d5 2. g3 Nf6 3. Bg2 c6 4. 0-0 Bg4 5. b3 e6 6. Bb2 Nbd7 7. d3 Bd6 8. Qe1 0-0 9. e4 dxe4 10. dxe4 e5 11. Nbd2 b5 12. h3 Be6 13. Ng5 Qe7 14. Qe2 Rfd8 15. Rfe1 Rac8 16. Nf1 g6 17. a4 a6 18. Nxe6 Qxe6 19. axb5 axb5 20. Kh2 Nh5 21. Red1 Bb4 22. Ne3 Ra8 23. Bf3 Nhf6 24. Ng4 Qe7 25. Kg2 Nxg4 26. Bxg4 Nf6 27. Bf3 Kg7 28. Rxd8 Rxd8 29. c3 Bc5 30. b4 Bb6 31. Bc1 Qd7 32. Ra6 Qb7 33. Ra2 Ne8 34. Bg5 f6 35. Bc1 Nd6 36. Rd2 Nc4 37. Rxd8 Bxd8 38. Qd1 Qe7 39. Be2 Nd6 40. Bd3 Bb6 41. Qg4 Qf7 42. h4 Qa2 43. Qf3 Qa1 44. Bd2 Qa2 45. Qe2 Qe6 46. Bb1 Qb3 47. Ba2 Qa4 48. Be6 Qa7 49. Bc1 Qe7 50. Bb3 Qd8 51. f3 Ba7 52. Kh3 Qd7+ 53. g4 h6 54. Kg3 g5 55. h5 Ne8 56. Be3 Bxe3 57. Qxe3 Nd6 58. Qc5 Nc8 59. Qe3 Qa7 60. Qe1 Nd6 61. Kh3 Qb6 62. Kg2 Kf8 63. Kf1 Qa7 64. Ke2 Ke7 65. Kd3 Qa3 66. Kc2 Qa7 67. Kb2 Kd7 68. Ba2 Ke7 69. Kb1 Qb6 70. Bb3 Qa7 71. Kb2 Kd7 72. Bg8 Ke7 73. Qd1 Qf2+ 74. Kb1 Qe3 75. Qb3 Qe1+ 76. Kb2 1/2-1/2

[Event "Tromsoe NNM Master"]
[Site "Tromsoe"]
[Date "2017.06.03"]
[Round "3"]
[White "Machlik, Endre"]
[Black "Notkevich, Benjamin Arvola"]
[Result "0-1"]
[WhiteElo "2194"]
[BlackElo "2435"]
[PlyCount "68"]
[EventDate "2017.06.02"]
[EventType "swiss"]
[EventRounds "6"]
[EventCountry "NOR"]
[SourceTitle "EXT 2024"]
[Source "ChessBase"]
[SourceDate "2023.10.10"]
[SourceVersion "1"]
[SourceVersionDate "2023.10.10"]
[SourceQuality "1"]

1. d4 Nf6 2. c4 g6 3. Nc3 d5 4. Qb3 c6 5. cxd5 cxd5 6. Bg5 Nbd7 7. Nf3 Qa5 8. e3 e6 9. Bd3 Bd6 10. 0-0 h6 11. Bh4 0-0 12. Rac1 a6 13. Na4 Ne4 14. Bxe4 dxe4 15. Nd2 Qd5 16. Nc4 Bxh2+ 17. Kxh2 Qh5 18. Ncb6 Qxh4+ 19. Kg1 Nf6 20. f3 exf3 21. Rxf3 Ng4 22. Rh3 Qf2+ 23. Kh1 Rb8 24. Nc5 e5 25. Ne4 Qe2 26. Rf3 exd4 27. Ng3 Qd2 28. Rxc8 Rbxc8 29. Nxc8 Qe1+ 30. Nf1 dxe3 31. Ne7+ Kg7 32. Qc4 Qh4+ 33. Kg1 Qxe7 34. Qd4+ Qe5 0-1

[Event "NOR-chT 1617"]
[Site "Norway"]
[Date "2017.01.14"]
[Round "5.4"]
[White "Lie, Kjetil A"]
[Black "Machlik, Endre"]
[Result "1-0"]
[WhiteElo "2524"]
[BlackElo "2256"]
[PlyCount "41"]
[EventDate "2016.10.28"]
[EventType "team-tourn"]
[EventRounds "9"]
[EventCountry "NOR"]
[SourceTitle "EXT 2018"]
[Source "ChessBase"]
[SourceDate "2017.10.13"]
[SourceVersion "1"]
[SourceVersionDate "2017.10.13"]
[SourceQuality "1"]
[WhiteTeam "Valerenga"]
[BlackTeam "Tromsoe"]
[WhiteTeamCountry "NOR"]
[BlackTeamCountry "NOR"]

1. d4 d5 2. Bf4 Nf6 3. e3 g6 4. h4 c5 5. Nc3 Bg7 6. Nb5 Na6 7. a4 0-0 8. Be2 Nd7 9. Nf3 Re8 10. Qd2 e5 11. dxe5 Nxe5 12. Nxe5 Bxe5 13. Bxe5 Rxe5 14. 0-0-0 Nb4 15. f4 Re7 16. c3 Nc6 17. Qxd5 Qxd5 18. Rxd5 Rxe3 19. Bf3 Na5 20. Rd8+ Kg7 21. Nd6 1-0

[Event "Helsingor Xtracon op"]
[Site "Helsingor"]
[Date "2016.07.30"]
[Round "9"]
[White "Machlik, Endre"]
[Black "Taylor, Adam C"]
[Result "0-1"]
[WhiteElo "2091"]
[BlackElo "2254"]
[PlyCount "68"]
[EventDate "2016.07.23"]
[EventType "swiss"]
[EventRounds "10"]
[EventCountry "DEN"]
[SourceTitle "CBM 173 Extra"]
[Source "ChessBase"]
[SourceDate "2016.08.29"]
[SourceVersion "1"]
[SourceVersionDate "2016.08.29"]
[SourceQuality "1"]

1. d4 Nf6 2. c4 c5 3. d5 b5 4. Qc2 Na6 5. Bd2 Nb4 6. Bxb4 cxb4 7. e4 Qc7 8. Nd2 e6 9. Rc1 Bb7 10. Ngf3 Rc8 11. Bd3 bxc4 12. Bxc4 Bc5 13. 0-0 Qb6 14. Nb3 0-0 15. Qd3 Rfe8 16. Rcd1 h6 17. Nxc5 Rxc5 18. dxe6 dxe6 19. Rfe1 Ng4 20. Rd2 Rcc8 21. e5 Red8 22. Qe2 Bxf3 23. Rxd8+ Qxd8 24. gxf3 Nxe5 25. Bxe6 Nxf3+ 26. Qxf3 fxe6 27. Qg4 Kh8 28. Rxe6 Rc5 29. Rg6 Qd5 30. f3 Rc2 31. Qh3 Rc1+ 32. Kg2 Qd2+ 33. Kg3 Rg1+ 34. Kh4 Rxg6 0-1

[Event "Helsingor Xtracon op"]
[Site "Helsingor"]
[Date "2016.07.24"]
[Round "2"]
[White "Delorme, Axel"]
[Black "Machlik, Endre"]
[Result "1/2-1/2"]
[WhiteElo "2514"]
[BlackElo "2091"]
[PlyCount "83"]
[EventDate "2016.07.23"]
[EventType "swiss"]
[EventRounds "10"]
[EventCountry "DEN"]
[SourceTitle "CBM 173 Extra"]
[Source "ChessBase"]
[SourceDate "2016.08.29"]
[SourceVersion "1"]
[SourceVersionDate "2016.08.29"]
[SourceQuality "1"]

1. e4 c6 2. Nc3 d5 3. Nf3 Bg4 4. h3 Bxf3 5. Qxf3 e6 6. a3 Nd7 7. d3 Bc5 8. g3 Ne7 9. Bg2 0-0 10. 0-0 f5 11. Qe2 Ng6 12. Na4 Bd4 13. h4 f4 14. c3 Be5 15. Qg4 fxg3 16. fxg3 Rxf1+ 17. Bxf1 b5 18. Qxe6+ Kh8 19. Bg5 Qc7 20. exd5 cxd5 21. Qxd5 Rf8 22. Bh3 bxa4 23. Qxd7 Qb6+ 24. d4 Qxb2 25. Rf1 Bxg3 26. Rxf8+ Nxf8 27. Qf5 Qh2+ 28. Kf1 Qh1+ 29. Ke2 Qe1+ 30. Kd3 Qb1+ 31. Ke2 Qe1+ 32. Kf3 Qxc3+ 33. Be3 Qxa3 34. h5 Bh4 35. Bf1 Bf6 36. Qd5 Qa1 37. Kg2 Qd1 38. Bc4 Qg4+ 39. Kf1 Qd1+ 40. Kg2 Qg4+ 41. Kf1 Qd1+ 42. Kg2 1/2-1/2

[Event "NOR-chT 1516"]
[Site "Norway"]
[Date "2016.01.17"]
[Round "6.3"]
[White "Laverton, Christian"]
[Black "Machlik, Endre"]
[Result "1-0"]
[WhiteElo "2104"]
[BlackElo "2035"]
[PlyCount "89"]
[EventDate "2015.10.30"]
[EventType "team-tourn"]
[EventRounds "9"]
[EventCountry "NOR"]
[SourceTitle "CBM 170 Extra"]
[Source "ChessBase"]
[SourceDate "2016.02.25"]
[SourceVersion "1"]
[SourceVersionDate "2016.02.25"]
[SourceQuality "1"]
[WhiteTeam "Trondheim"]
[BlackTeam "Tromsoe"]
[WhiteTeamCountry "NOR"]
[BlackTeamCountry "NOR"]

1. e4 c6 2. d4 d5 3. Nc3 dxe4 4. Nxe4 Bf5 5. Nc5 b6 6. Nb3 Nf6 7. Nf3 Nbd7 8. g3 e6 9. Bg2 Rc8 10. 0-0 Be7 11. c4 0-0 12. Re1 Re8 13. Bf4 b5 14. c5 Nd5 15. Bd2 Bf6 16. Ba5 Qe7 17. h3 Qf8 18. Rc1 h6 19. Qd2 Bh7 20. Re2 Kh8 21. Rce1 Kg8 22. Nc1 Rb8 23. b4 Bd8 24. Nb3 Bf6 25. Ne5 Nxe5 26. dxe5 Bd8 27. Bxd5 cxd5 28. Bxd8 Rexd8 29. Nd4 Rdc8 30. Rc1 Qe7 31. Ree1 Qc7 32. Rc3 a5 33. a3 Qa7 34. c6 Rc7 35. Rc5 Qa6 36. Rec1 axb4 37. axb4 Qa4 38. Qc3 Qa6 39. Ra1 Qc8 40. Ra5 Rb6 41. Raxb5 Qb8 42. Rxb6 Qxb6 43. Rb5 Qa7 44. Ra5 Qb8 45. Qc5 1-0

[Event "NOR-ch U20"]
[Site "Oslo"]
[Date "2015.07.10"]
[Round "8"]
[White "Nilsen, Martin"]
[Black "Machlik, Endre"]
[Result "0-1"]
[WhiteElo "2021"]
[BlackElo "2007"]
[PlyCount "50"]
[EventDate "2015.07.04"]
[EventType "swiss"]
[EventRounds "9"]
[EventCountry "NOR"]
[SourceTitle "EXT 2017"]
[Source "ChessBase"]
[SourceDate "2016.10.25"]
[SourceVersion "1"]
[SourceVersionDate "2016.10.25"]
[SourceQuality "1"]

1. e3 d5 2. f4 c5 3. Nf3 Nc6 4. Bb5 Nf6 5. 0-0 Qc7 6. d3 e6 7. Bxc6+ Qxc6 8. Ne5 Qc7 9. Nd2 Bd6 10. Ndf3 Nd7 11. Nxd7 Bxd7 12. b3 0-0-0 13. Bb2 f6 14. c4 dxc4 15. bxc4 Bc6 16. d4 Rhg8 17. Qb3 Qf7 18. Ne5 Bxe5 19. fxe5 Qg6 20. Rf2 fxe5 21. dxc5 Rgf8 22. Raf1 Rxf2 23. Rxf2 Bxg2 24. Bxe5 Rd1+ 25. Rf1 Rxf1# 0-1

[Event "NOR-ch U20"]
[Site "Oslo"]
[Date "2015.07.06"]
[Round "3"]
[White "Machlik, Endre"]
[Black "Kyrkjebo, Hannah Bakken"]
[Result "1-0"]
[WhiteElo "2007"]
[BlackElo "1711"]
[PlyCount "111"]
[EventDate "2015.07.04"]
[EventType "swiss"]
[EventRounds "9"]
[EventCountry "NOR"]
[SourceTitle "EXT 2017"]
[Source "ChessBase"]
[SourceDate "2016.10.25"]
[SourceVersion "1"]
[SourceVersionDate "2016.10.25"]
[SourceQuality "1"]

1. d4 d5 2. c4 c6 3. Nc3 Nf6 4. Nf3 g6 5. e3 Bg7 6. Be2 0-0 7. 0-0 a6 8. b3 Bg4 9. Bb2 Nbd7 10. Ne5 Bxe2 11. Qxe2 e6 12. f4 Qe7 13. Rf3 Rfe8 14. Rh3 a5 15. g4 Nb6 16. Rf1 Qd8 17. Rf2 Nc8 18. g5 Nd7 19. Nxd7 Qxd7 20. Qg4 f5 21. gxf6 Bxf6 22. Na4 Qe7 23. cxd5 cxd5 24. Rhf3 Bg7 25. h4 Qf7 26. Ba3 Ne7 27. Bxe7 Rxe7 28. Rc2 Ree8 29. Rf1 Rac8 30. Rfc1 Rxc2 31. Rxc2 Bf8 32. h5 Bd6 33. hxg6 hxg6 34. Qh4 Qh7 35. Qxh7+ Kxh7 36. Kg2 Kg7 37. Kf3 Kf6 38. Kg4 Rh8 39. Nb6 Rd8 40. Rh2 Kg7 41. Rc2 Kf6 42. Na4 Rh8 43. Nb2 Ra8 44. a4 Rb8 45. Nd3 Re8 46. Ne5 Rh8 47. Nf3 Kf7 48. Ng5+ Kf6 49. Re2 Rc8 50. Rh2 Rc7 51. e4 Bb4 52. e5+ Ke7 53. Rh7+ Kd8 54. Nxe6+ Kc8 55. Rxc7+ Kb8 56. Rg7 1-0

[Event "Fagernes Norsk op-B"]
[Site "Fagernes"]
[Date "2015.03.29"]
[Round "4"]
[White "Maloberti, David"]
[Black "Machlik, Endre"]
[Result "1/2-1/2"]
[WhiteElo "2140"]
[BlackElo "2036"]
[PlyCount "44"]
[EventDate "2015.03.29"]
[EventType "swiss"]
[EventRounds "9"]
[EventCountry "NOR"]
[SourceTitle "EXT 2016"]
[Source "ChessBase"]
[SourceDate "2015.10.08"]
[SourceVersion "1"]
[SourceVersionDate "2015.10.08"]
[SourceQuality "1"]

1. d4 d5 2. c4 dxc4 3. e3 e5 4. Bxc4 exd4 5. exd4 Bd6 6. Nf3 Nf6 7. 0-0 0-0 8. h3 h6 9. Nc3 Bf5 10. Ne5 Nbd7 11. Bf4 Nb6 12. Bb3 c6 13. Qf3 Bh7 14. Rad1 Bc7 15. d5 Nfxd5 16. Nxd5 Nxd5 17. Bxd5 cxd5 18. Qxd5 Qxd5 19. Rxd5 Rfd8 20. Rfd1 Rxd5 21. Rxd5 Bxe5 22. Bxe5 Be4 1/2-1/2